[Event "Ankara President's Cup"]
[Site "Ankara"]
[Date "2007.04.28"]
[Round "4"]
[White "Atakisi, Umut"]
[Black "Soylu, Suat"]
[Result "1-0"]
[WhiteElo "2392"]
[BlackElo "2400"]
[PlyCount "79"]
[EventDate "2007.04.28"]
[EventType "tourn (rapid)"]
[EventRounds "13"]
[EventCountry "TUR"]
[EventCategory "3"]
[SourceTitle "CBM 118 Extra"]
[Source "ChessBase"]
[SourceDate "2007.07.04"]
[SourceVersion "1"]
[SourceVersionDate "2007.07.04"]
[SourceQuality "1"]

1. e4 c5 2. Nf3 d6 3. d4 cxd4 4. Nxd4 Nf6 5. Nc3 a6 6. Bg5 e6 7. f4 Be7 8. Qf3 Qc7 9. 0-0-0 Nbd7 10. Bd3 b5 11. Rhe1 Bb7 12. Qg3 0-0-0 13. Bxf6 gxf6 14. f5 e5 15. Nb3 Nb6 16. Kb1 d5 17. exd5 Bb4 18. d6 Rxd6 19. Ne4 Bxe1 20. Nxd6+ Qxd6 21. Rxe1 Rd8 22. a3 Na4 23. Qg4 Qb6 24. Be4 Bxe4 25. Qxe4 Qb7 26. Qg4 Qe7 27. Qe4 Qb7 28. Qh4 Rd6 29. Qxh7 Qxg2 30. Qxf7 Qf2 31. Qg8+ Rd8 32. Qe6+ Kc7 33. Rc1 Qb6 34. Qxb6+ Kxb6 35. Rg1 Rd6 36. h4 e4 37. h5 Rd5 38. h6 e3 39. h7 Rd8 40. Re1 1-0

[Event "Ankara President's Cup"]
[Site "Ankara"]
[Date "2007.04.28"]
[Round "1"]
[White "Esen, Baris"]
[Black "Soylu, Suat"]
[Result "1-0"]
[WhiteElo "2455"]
[BlackElo "2400"]
[PlyCount "67"]
[EventDate "2007.04.28"]
[EventType "tourn (rapid)"]
[EventRounds "13"]
[EventCountry "TUR"]
[EventCategory "3"]
[SourceTitle "CBM 118 Extra"]
[Source "ChessBase"]
[SourceDate "2007.07.04"]
[SourceVersion "1"]
[SourceVersionDate "2007.07.04"]
[SourceQuality "1"]

1. e4 c5 2. Nf3 d6 3. d4 cxd4 4. Nxd4 Nf6 5. Nc3 a6 6. Be2 e5 7. Nb3 Be7 8. 0-0 0-0 9. Kh1 b6 10. Be3 Bb7 11. f3 Nbd7 12. a4 Qc7 13. Rf2 Nc5 14. Nxc5 dxc5 15. Bc4 Rad8 16. Rd2 Rxd2 17. Qxd2 Rd8 18. Qe2 a5 19. Rd1 Rxd1+ 20. Qxd1 Qd7 21. Qe2 h6 22. b3 Kf8 23. Kg1 Qd6 24. Kf1 Qd7 25. Bc1 Bd8 26. Nd1 Nh5 27. Ne3 Bg5 28. Qd3 Qxd3+ 29. Bxd3 Nf4 30. Nc4 Nxd3 31. Bxg5 hxg5 32. cxd3 Ba6 33. Nxe5 f6 34. Nc4 1-0

[Event "Ankara President's Cup"]
[Site "Ankara"]
[Date "2007.04.28"]
[Round "6"]
[White "Ulker, Ates"]
[Black "Soylu, Suat"]
[Result "1/2-1/2"]
[WhiteElo "2156"]
[BlackElo "2400"]
[PlyCount "107"]
[EventDate "2007.04.28"]
[EventType "tourn (rapid)"]
[EventRounds "13"]
[EventCountry "TUR"]
[EventCategory "3"]
[SourceTitle "CBM 118 Extra"]
[Source "ChessBase"]
[SourceDate "2007.07.04"]
[SourceVersion "1"]
[SourceVersionDate "2007.07.04"]
[SourceQuality "1"]

1. e4 c5 2. Nf3 d6 3. c3 Nf6 4. d3 Nc6 5. Be2 Bg4 6. 0-0 e6 7. Ne1 Bxe2 8. Qxe2 Be7 9. f4 0-0 10. Nd2 Rb8 11. a4 a6 12. Kh1 b5 13. axb5 axb5 14. f5 exf5 15. Rxf5 Ra8 16. Rxa8 Qxa8 17. Rf1 b4 18. Nc4 bxc3 19. bxc3 Qa1 20. Bb2 Qa2 21. Nf3 d5 22. Ra1 Qb3 23. Nfd2 Qb7 24. exd5 Nxd5 25. Ne4 Ra8 26. Rxa8+ Qxa8 27. g3 Qa2 28. Ned2 Qa8 29. Qf3 Qd8 30. Ne4 h6 31. Kg2 Qd7 32. Ba3 f5 33. Nxc5 Bxc5 34. Bxc5 Nxc3 35. Nd6 Ne5 36. Qa8+ Kh7 37. d4 Nc6 38. Qf8 Kg6 39. h4 h5 40. Kh2 Nd5 41. Nc4 Nf6 42. Qd6 Qxd6 43. Nxd6 Nd5 44. Nc4 f4 45. gxf4 Nxf4 46. Ne3 Kf6 47. d5 Ne7 48. d6 Nc6 49. Kg3 Nd3 50. Ba3 Ke6 51. Ng2 Kf5 52. d7 Nde5 53. Bb2 Nxd7 54. Bxg7 1/2-1/2